000 00657nam a22002057a 4500
003 OSt
005 20260306024552.0
008 260306b |||||||| |||| 00| 0 eng d
020 _a9789813252349
040 _aDWCL - Main Lib.
_cOC
082 _aCirc. 959 T468s 2024
100 _aThompson, Eric C.
245 _aThe story of Southeast Asia /
_cEric C. Thompson
260 _aSingapore:
_bNUS Press,
_cc2024.
300 _axvii, 305 pages :
_billustrations ;
_c23cm.
504 _aIncludes bibliographical references and index.
650 _a1. Southeast Asia -- Civilization.
650 _a2. Southeast Asia -- History.
942 _2ddc
_cBK-CIRC
_n0
999 _c8661
_d8661